000 00298 a2200133 4500
001 195010
040 _cMagnum
100 _aDruon, Maurice
240 1 0 _aO menino do dedo verde
_lpor
245 1 0 _aO menino do dedo verde
300 _a97
697 _aLITERATURA JUVENIL ESTRANGEIRA
942 _cBK
999 _c195010
_d195010